[Event "festival54"]
[Site "?"]
[Date "2016.02.17"]
[Round "7.1"]
[White "Jessel, Stephen"]
[Black "Micottis, Dorian"]
[Result "1-0"]
[LiveChessVersion "1.4.7"]
[BlackElo "2331"]
[WhiteElo "2336"]

1. Nf3 {[%clk 1:30:55]} Nf6 {[%clk 1:30:42]} 2. c4 {[%clk 1:31:00]} g6
{[%clk 1:30:38]} 3. b4 {[%clk 1:31:20]} Bg7 {[%clk 1:30:39]} 4. Bb2
{[%clk 1:31:43]} O-O {[%clk 1:30:39]} 5. g3 {[%clk 1:32:05]} d6 {[%clk 1:30:52]}
6. Bg2 {[%clk 1:32:18]} e5 {[%clk 1:31:18]} 7. O-O {[%clk 1:32:14]} a5
{[%clk 1:30:39]} 8. b5 {[%clk 1:32:23]} Re8 {[%clk 1:29:52]} 9. d3
{[%clk 1:32:14]} Nbd7 {[%clk 1:29:51]} 10. Nc3 {[%clk 1:31:45]} Nc5
{[%clk 1:28:56]} 11. Nd2 {[%clk 1:31:47]} h5 {[%clk 1:28:41]} 12. Ba3
{[%clk 1:24:28]} h4 {[%clk 1:23:49]} 13. Bxc5 {[%clk 1:20:26]} dxc5
{[%clk 1:24:14]} 14. Nde4 {[%clk 1:17:37]} Nxe4 {[%clk 1:18:22]} 15. Bxe4
{[%clk 1:10:32]} Rb8 {[%clk 1:11:58]} 16. Rb1 {[%clk 1:04:04]} b6
{[%clk 1:05:11]} 17. e3 {[%clk 1:00:45]} Rf8 {[%clk 0:58:08]} 18. Rc1
{[%clk 0:40:49]} Bh3 {[%clk 0:56:43]} 19. Bg2 {[%clk 0:37:59]} Bf5
{[%clk 0:54:59]} 20. Be4 {[%clk 0:36:50]} Bh3 {[%clk 0:54:40]} 21. Re1
{[%clk 0:36:53]} Be6 {[%clk 0:47:58]} 22. Qe2 {[%clk 0:32:41]} Bf6
{[%clk 0:37:20]} 23. f3 {[%clk 0:22:51]} Kg7 {[%clk 0:31:10]} 24. g4
{[%clk 0:22:24]} h3 {[%clk 0:30:07]} 25. Kh1 {[%clk 0:22:20]} Rh8
{[%clk 0:27:31]} 26. Rg1 {[%clk 0:20:10]} Rh4 {[%clk 0:27:20]} 27. Rg3
{[%clk 0:19:29]} Bg5 {[%clk 0:23:55]} 28. Bd5 {[%clk 0:18:53]} Bd7
{[%clk 0:23:52]} 29. Ne4 {[%clk 0:18:23]} Be7 {[%clk 0:22:25]} 30. Qb2
{[%clk 0:18:12]} Bd6 {[%clk 0:21:56]} 31. f4 {[%clk 0:13:27]} Qe8
{[%clk 0:18:45]} 32. Rf1 {[%clk 0:09:37]} Bxg4 {[%clk 0:14:20]} 33. Nf6
{[%clk 0:07:56]} Kxf6 {[%clk 0:13:12]} 34. fxe5+ {[%clk 0:08:18]} Kg5
{[%clk 0:13:32]} 35. exd6 {[%clk 0:08:14]} f5 {[%clk 0:13:53]} 36. Qg7
{[%clk 0:02:40]} Qh8 {[%clk 0:07:54]} 37. Rxf5+ {[%clk 0:02:36]} 1-0

[Event "festival54"]
[Site "?"]
[Date "2016.02.17"]
[Round "7.2"]
[White "Pucher, Sebastien"]
[Black "Iglesias, Joachim"]
[Result "1-0"]
[LiveChessVersion "1.4.7"]
[BlackElo "2308"]
[WhiteElo "2297"]

1. e4 {[%clk 1:30:56]} d6 {[%clk 1:30:56]} 2. Nc3 {[%clk 1:31:08]} Nf6
{[%clk 1:31:19]} 3. d4 {[%clk 1:30:23]} e5 {[%clk 1:31:32]} 4. Nf3
{[%clk 1:30:11]} Nbd7 {[%clk 1:31:56]} 5. Bc4 {[%clk 1:30:02]} Be7
{[%clk 1:32:22]} 6. a4 {[%clk 1:29:30]} O-O {[%clk 1:32:25]} 7. O-O
{[%clk 1:29:37]} c6 {[%clk 1:32:43]} 8. h3 {[%clk 1:28:26]} b6 {[%clk 1:22:25]}
9. Qe2 {[%clk 1:24:07]} a6 {[%clk 1:21:39]} 10. Rd1 {[%clk 1:23:34]} Qc7
{[%clk 1:19:44]} 11. Ba2 {[%clk 1:20:44]} Rb8 {[%clk 1:19:30]} 12. Be3
{[%clk 1:20:08]} b5 {[%clk 1:19:42]} 13. axb5 {[%clk 1:20:15]} axb5
{[%clk 1:20:06]} 14. b4 {[%clk 1:19:58]} Nb6 {[%clk 1:19:19]} 15. Bb3
{[%clk 1:15:44]} h6 {[%clk 1:19:18]} 16. dxe5 {[%clk 0:53:32]} dxe5
{[%clk 1:19:20]} 17. Bc5 {[%clk 0:53:39]} Bxc5 {[%clk 1:01:34]} 18. bxc5
{[%clk 0:53:53]} Nbd7 {[%clk 1:01:56]} 19. Qe3 {[%clk 0:52:59]} Re8
{[%clk 0:57:28]} 20. Ne2 {[%clk 0:42:04]} Nf8 {[%clk 0:42:42]} 21. Ng3
{[%clk 0:40:42]} Ng6 {[%clk 0:39:44]} 22. Rd6 {[%clk 0:39:19]} Be6
{[%clk 0:33:10]} 23. Ra6 {[%clk 0:26:21]} Rbc8 {[%clk 0:31:55]} 24. Bxe6
{[%clk 0:20:53]} Rxe6 {[%clk 0:28:24]} 25. Qa3 {[%clk 0:17:51]} Ne8
{[%clk 0:18:25]} 26. Rxe6 {[%clk 0:08:32]} fxe6 {[%clk 0:18:52]} 27. Ra7
{[%clk 0:08:24]} Qd8 {[%clk 0:18:47]} 28. Qa1 {[%clk 0:07:44]} Nc7
{[%clk 0:13:46]} 29. Nh5 {[%clk 0:07:02]} Ra8 {[%clk 0:13:35]} 30. Rxa8
{[%clk 0:06:56]} Qxa8 {[%clk 0:14:04]} 31. Qc3 {[%clk 0:00:56]} Qd8
{[%clk 0:13:41]} 32. Kh2 Na6 {[%clk 0:12:59]} 33. g3 {[%clk 0:00:48]} Qe7
{[%clk 0:09:19]} 34. Nxe5 {[%clk 0:00:35]} Nxe5 {[%clk 0:09:37]} 35. Qxe5
{[%clk 0:01:01]} Nxc5 {[%clk 0:09:52]} 36. Kg2 {[%clk 0:00:35]} Qg5
{[%clk 0:08:43]} 37. Qxg5 {[%clk 0:00:31]} hxg5 {[%clk 0:09:12]} 38. Kf3
{[%clk 0:00:48]} e5 {[%clk 0:08:03]} 39. h4 {[%clk 0:00:35]} g4+ {[%clk 0:05:54]}
40. Kxg4 {[%clk 0:00:44]} Kf7 {[%clk 0:05:53]} 41. Kg5 {[%clk 0:00:40]} g6
{[%clk 0:06:00]} 42. f3 {[%clk 0:00:32]} Ne6+ {[%clk 0:06:09]} 43. Kh6
{[%clk 0:00:42]} gxh5 {[%clk 0:05:50]} 44. Kxh5 {[%clk 0:01:06]} b4
{[%clk 0:06:15]} 1-0

[Event "festival54"]
[Site "?"]
[Date "2016.02.17"]
[Round "7.3"]
[White "Adrian, Claude"]
[Black "Mohota, Nisha"]
[Result "1/2-1/2"]
[LiveChessVersion "1.4.7"]
[BlackElo "2257"]
[WhiteElo "2202"]

1. c4 {[%clk 1:28:28]} e5 {[%clk 1:30:45]} 2. g3 {[%clk 1:28:54]} Nf6
{[%clk 1:30:54]} 3. Bg2 {[%clk 1:29:19]} d5 {[%clk 1:31:11]} 4. cxd5
{[%clk 1:29:42]} Nxd5 {[%clk 1:31:38]} 5. Nf3 {[%clk 1:30:05]} Nc6
{[%clk 1:31:59]} 6. O-O {[%clk 1:30:24]} Nb6 {[%clk 1:32:17]} 7. Nc3
{[%clk 1:30:47]} Be7 {[%clk 1:32:32]} 8. a4 {[%clk 1:31:05]} a5 {[%clk 1:26:41]}
9. d4 {[%clk 1:30:27]} exd4 {[%clk 1:23:07]} 10. Nb5 {[%clk 1:30:16]} O-O
{[%clk 1:23:33]} 11. Nfxd4 {[%clk 1:30:23]} Nxd4 {[%clk 1:15:29]} 12. Qxd4
{[%clk 1:30:24]} Qxd4 {[%clk 1:15:31]} 13. Nxd4 {[%clk 1:30:47]} c6
{[%clk 1:14:49]} 14. b3 {[%clk 1:29:00]} Bf6 {[%clk 1:13:18]} 15. Be3
{[%clk 1:26:34]} Nd5 {[%clk 1:02:47]} 16. Bxd5 {[%clk 1:23:47]} cxd5
{[%clk 1:02:55]} 17. Rfc1 {[%clk 1:12:15]} Bg4 {[%clk 0:49:41]} 18. f3
{[%clk 1:10:10]} Rfe8 {[%clk 0:36:37]} 19. Kf2 {[%clk 1:08:33]} Bd7
{[%clk 0:32:34]} 20. Ra2 {[%clk 1:01:14]} Re7 {[%clk 0:26:14]} 21. Nb5
{[%clk 0:58:43]} Bxb5 {[%clk 0:22:33]} 22. axb5 {[%clk 0:59:07]} d4
{[%clk 0:23:00]} 23. Bf4 {[%clk 0:56:09]} g5 {[%clk 0:18:54]} 24. Bc7
{[%clk 0:54:31]} Re3 {[%clk 0:14:52]} 25. Rxa5 {[%clk 0:38:47]} Rxa5
{[%clk 0:11:09]} 26. Bxa5 {[%clk 0:39:02]} Rxb3 {[%clk 0:11:35]} 27. Bd8
{[%clk 0:34:49]} Bxd8 {[%clk 0:08:17]} 28. Rc8 {[%clk 0:34:30]} Kg7
{[%clk 0:08:30]} 29. Rxd8 {[%clk 0:34:52]} Rxb5 {[%clk 0:08:27]} 30. Rxd4
{[%clk 0:35:16]} Rb1 {[%clk 0:07:00]} 31. h4 {[%clk 0:35:32]} h6 {[%clk 0:05:02]}
32. hxg5 {[%clk 0:35:57]} hxg5 {[%clk 0:05:28]} 33. Ke3 {[%clk 0:36:19]} Rb3+
{[%clk 0:05:49]} 34. Kf2 {[%clk 0:36:42]} Rb1 {[%clk 0:06:16]} 35. Ke3
{[%clk 0:37:04]} Rb3+ {[%clk 0:06:44]} 36. Ke4 1/2-1/2

[Event "festival54"]
[Site "?"]
[Date "2016.02.17"]
[Round "7.4"]
[White "Mager, Denis"]
[Black "Migot, Tangi"]
[Result "0-1"]
[LiveChessVersion "1.4.7"]
[BlackElo "2397"]
[WhiteElo "2239"]

1. c4 {[%clk 1:30:58]} e5 {[%clk 1:26:18]} 2. Nc3 {[%clk 1:26:50]} Nf6
{[%clk 1:26:37]} 3. e3 {[%clk 1:26:47]} d5 {[%clk 1:26:47]} 4. cxd5
{[%clk 1:26:49]} Nxd5 {[%clk 1:27:09]} 5. Nf3 {[%clk 1:27:14]} Nc6
{[%clk 1:27:25]} 6. Bb5 {[%clk 1:26:52]} Nxc3 {[%clk 1:27:29]} 7. bxc3
{[%clk 1:26:59]} Bd6 {[%clk 1:27:51]} 8. d4 {[%clk 1:24:18]} e4 {[%clk 1:27:44]}
9. d5 {[%clk 1:15:12]} a6 10. Qa4 {[%clk 1:09:48]} exf3 {[%clk 1:12:51]} 11. dxc6
{[%clk 1:08:04]} O-O {[%clk 1:12:27]} 12. cxb7 {[%clk 1:00:31]} Bxb7
{[%clk 1:12:36]} 13. Bc6 {[%clk 0:59:04]} Be5 {[%clk 0:59:05]} 14. Bd2
{[%clk 0:53:29]} Qd3 {[%clk 0:40:44]} 15. Bxf3 {[%clk 0:50:16]} Bxc3
{[%clk 0:40:09]} 16. Rd1 {[%clk 0:48:02]} Rad8 {[%clk 0:35:05]} 17. Bxc3
{[%clk 0:45:19]} Qxc3+ {[%clk 0:35:28]} 18. Kf1 {[%clk 0:45:33]} Rd2
{[%clk 0:35:06]} 19. h3 {[%clk 0:27:33]} Qd3+ {[%clk 0:19:46]} 20. Kg1
{[%clk 0:27:12]} Bxf3 {[%clk 0:19:57]} 21. Rxd2 Qg6 22. g3 0-1

[Event "festival54"]
[Site "?"]
[Date "2016.02.17"]
[Round "7.5"]
[White "Le Corre, Benjamin"]
[Black "Ninov, Nikolai"]
[Result "0-1"]
[LiveChessVersion "1.4.7"]
[BlackElo "2450"]
[WhiteElo "2303"]

1. e4 {[%clk 1:29:36]} e5 {[%clk 1:27:55]} 2. Nf3 {[%clk 1:29:58]} Nc6
{[%clk 1:28:10]} 3. Bb5 {[%clk 1:30:22]} a6 {[%clk 1:28:24]} 4. Ba4
{[%clk 1:30:47]} Nf6 {[%clk 1:28:43]} 5. O-O {[%clk 1:31:10]} Be7
{[%clk 1:28:06]} 6. Re1 {[%clk 1:26:26]} b5 {[%clk 1:28:10]} 7. Bb3
{[%clk 1:26:47]} d6 {[%clk 1:28:27]} 8. c3 {[%clk 1:27:07]} O-O {[%clk 1:28:43]}
9. h3 {[%clk 1:27:23]} Nb8 {[%clk 1:28:55]} 10. d4 {[%clk 1:26:57]} Nbd7
{[%clk 1:29:14]} 11. Nbd2 {[%clk 1:27:00]} Bb7 {[%clk 1:29:25]} 12. a4
{[%clk 1:26:44]} c5 {[%clk 1:19:57]} 13. Bc2 {[%clk 1:25:52]} Qc7
{[%clk 1:11:52]} 14. Qe2 {[%clk 1:25:00]} cxd4 {[%clk 1:08:59]} 15. Bd3
{[%clk 1:11:55]} dxc3 {[%clk 1:07:05]} 16. bxc3 {[%clk 1:12:21]} bxa4
{[%clk 1:03:52]} 17. Ba3 {[%clk 1:11:14]} Nc5 {[%clk 1:02:45]} 18. Bc2
{[%clk 1:09:31]} Rfc8 {[%clk 0:55:43]} 19. Rec1 {[%clk 1:07:55]} Nb3
{[%clk 0:45:38]} 20. Rcb1 {[%clk 1:01:50]} Nxa1 {[%clk 0:44:41]} 21. Qd1 Qd8 0-1

[Event "festival54"]
[Site "?"]
[Date "2016.02.17"]
[Round "8.1"]
[White "Mohota, Nisha"]
[Black "Jessel, Stephen"]
[Result "1/2-1/2"]
[LiveChessVersion "1.4.7"]
[BlackElo "2336"]
[WhiteElo "2257"]

1. e4 {[%clk 1:25:26]} e6 {[%clk 1:30:49]} 2. d4 {[%clk 1:25:37]} d5
{[%clk 1:31:11]} 3. Nd2 {[%clk 1:25:53]} Nf6 {[%clk 1:31:13]} 4. e5
{[%clk 1:26:02]} Nfd7 {[%clk 1:31:36]} 5. Bd3 {[%clk 1:26:05]} c5
{[%clk 1:31:59]} 6. c3 {[%clk 1:26:20]} Nc6 {[%clk 1:32:23]} 7. Ne2
{[%clk 1:26:12]} cxd4 {[%clk 1:32:34]} 8. cxd4 {[%clk 1:26:33]} f6
{[%clk 1:32:55]} 9. exf6 {[%clk 1:26:40]} Nxf6 {[%clk 1:33:17]} 10. O-O
{[%clk 1:26:44]} Bd6 {[%clk 1:33:32]} 11. Nf3 {[%clk 1:26:54]} Qc7
{[%clk 1:33:23]} 12. Nc3 {[%clk 1:27:05]} a6 {[%clk 1:32:41]} 13. Be3
{[%clk 1:27:19]} O-O {[%clk 1:29:33]} 14. Rc1 {[%clk 1:27:45]} Bd7
{[%clk 1:19:46]} 15. Na4 {[%clk 1:21:51]} Rae8 {[%clk 1:07:01]} 16. h3
{[%clk 1:06:35]} Qb8 {[%clk 0:58:55]} 17. Nb6 {[%clk 1:02:58]} Qd8
{[%clk 0:54:03]} 18. Nxd7 {[%clk 1:01:39]} Qxd7 {[%clk 0:53:26]} 19. Bb1
{[%clk 0:58:33]} Bb8 {[%clk 0:50:17]} 20. Re1 {[%clk 0:53:39]} Qd6
{[%clk 0:39:46]} 21. Bg5 {[%clk 0:32:54]} Nd7 {[%clk 0:29:39]} 22. Qd3
{[%clk 0:30:24]} g6 {[%clk 0:27:12]} 23. Rcd1 {[%clk 0:29:31]} e5
{[%clk 0:13:16]} 24. dxe5 {[%clk 0:25:25]} Ndxe5 {[%clk 0:12:46]} 25. Nxe5
{[%clk 0:24:37]} Nxe5 {[%clk 0:13:01]} 26. Qg3 {[%clk 0:24:51]} Nf3+
{[%clk 0:09:59]} 27. gxf3 {[%clk 0:24:15]} Rxe1+ {[%clk 0:09:30]} 28. Rxe1
{[%clk 0:24:40]} Qb4 {[%clk 0:09:35]} 29. Qg4 {[%clk 0:14:59]} Qxe1+
{[%clk 0:09:42]} 30. Kg2 {[%clk 0:15:26]} h5 {[%clk 0:00:57]} 31. Qd7
{[%clk 0:15:20]} Qxb1 {[%clk 0:00:35]} 32. Bh6 {[%clk 0:12:07]} Qxb2
{[%clk 0:00:37]} 33. Qe6+ {[%clk 0:07:37]} Rf7 {[%clk 0:00:43]} 34. Qe8+
{[%clk 0:08:02]} Kh7 {[%clk 0:00:55]} 35. Qxf7+ {[%clk 0:08:29]} Kxh6
{[%clk 0:01:16]} 36. Qf8+ {[%clk 0:08:55]} Qg7 {[%clk 0:00:51]} 37. Qxb8
{[%clk 0:09:20]} Kh7 {[%clk 0:00:39]} 38. Qd6 {[%clk 0:09:28]} Qf7
{[%clk 0:00:34]} 39. f4 {[%clk 0:08:51]} Kh6 {[%clk 0:00:32]} 40. Qe5
{[%clk 0:08:12]} Kh7 {[%clk 0:00:56]} 41. Qd6 {[%clk 0:08:40]} Kg7
{[%clk 0:01:00]} 42. Qe5+ {[%clk 0:08:48]} Kg8 {[%clk 0:01:04]} 43. Qb8+
{[%clk 0:09:05]} Kh7 {[%clk 0:01:07]} 44. Qd6 {[%clk 0:08:37]} d4
{[%clk 0:00:31]} 45. Qxd4 {[%clk 0:08:34]} Qxa2 {[%clk 0:00:32]} 46. Qd7+
{[%clk 0:08:54]} Kh6 {[%clk 0:00:33]} 47. Qxb7 {[%clk 0:08:50]} Qe6
{[%clk 0:00:48]} 48. Qa8 {[%clk 0:07:35]} Kg7 {[%clk 0:01:05]} 49. Kg3
{[%clk 0:07:04]} Qd6 {[%clk 0:00:42]} 50. Qb7+ {[%clk 0:06:45]} Kf6
{[%clk 0:00:57]} 51. Qb2+ {[%clk 0:05:35]} Kf7 {[%clk 0:00:35]} 52. Qb7+
{[%clk 0:05:58]} Kf6 {[%clk 0:00:49]} 53. Qb2+ {[%clk 0:06:21]} Ke6
{[%clk 0:00:42]} 54. Qb3+ {[%clk 0:05:47]} Kd7 {[%clk 0:00:38]} 55. Qb7+
{[%clk 0:06:05]} Ke6 {[%clk 0:00:45]} 56. Qb3+ {[%clk 0:05:57]} Kf6
{[%clk 0:00:46]} 1/2-1/2

[Event "festival54"]
[Site "?"]
[Date "2016.02.17"]
[Round "8.2"]
[White "Ninov, Nikolai"]
[Black "Iglesias, Joachim"]
[Result "1-0"]
[LiveChessVersion "1.4.7"]
[BlackElo "2308"]
[WhiteElo "2450"]

1. e4 {[%clk 1:30:55]} d6 {[%clk 1:28:51]} 2. d4 {[%clk 1:31:02]} Nf6
{[%clk 1:29:18]} 3. Nc3 {[%clk 1:31:11]} e5 {[%clk 1:29:44]} 4. dxe5
{[%clk 1:30:31]} dxe5 {[%clk 1:30:11]} 5. Qxd8+ {[%clk 1:30:47]} Kxd8
{[%clk 1:30:37]} 6. Bc4 {[%clk 1:31:02]} Be6 {[%clk 1:30:45]} 7. Bxe6
{[%clk 1:31:07]} fxe6 {[%clk 1:31:12]} 8. f3 {[%clk 1:30:19]} Bd6
{[%clk 1:30:32]} 9. Be3 {[%clk 1:28:25]} a6 {[%clk 1:30:08]} 10. Nh3
{[%clk 1:26:09]} Ke7 {[%clk 1:29:05]} 11. Nf2 {[%clk 1:25:42]} Nbd7
{[%clk 1:28:38]} 12. Nd3 {[%clk 1:24:03]} c5 {[%clk 1:28:03]} 13. a4
{[%clk 1:00:43]} c4 {[%clk 1:24:46]} 14. Nc1 {[%clk 0:59:20]} b6 {[%clk 1:18:26]}
15. Ke2 {[%clk 0:53:35]} Rac8 {[%clk 1:00:08]} 16. Rd1 {[%clk 0:50:42]} Rc6
{[%clk 0:58:45]} 17. N1a2 {[%clk 0:46:42]} h6 {[%clk 0:50:43]} 18. b4
{[%clk 0:39:23]} cxb3 {[%clk 0:49:55]} 19. cxb3 {[%clk 0:39:44]} Rhc8
{[%clk 0:37:43]} 20. Rdc1 {[%clk 0:32:30]} Ba3 {[%clk 0:30:07]} 21. Rcb1
{[%clk 0:30:13]} Bd6 {[%clk 0:20:52]} 22. Rc1 {[%clk 0:29:18]} Ba3
{[%clk 0:21:09]} 23. Rcb1 {[%clk 0:28:35]} Bc5 {[%clk 0:20:58]} 24. Nd1
{[%clk 0:28:37]} Bd4 {[%clk 0:20:31]} 25. Nb4 {[%clk 0:28:38]} Bxa1
{[%clk 0:15:59]} 26. Nxc6+ {[%clk 0:28:56]} Rxc6 {[%clk 0:16:26]} 27. Rxa1
{[%clk 0:29:14]} Rc2+ {[%clk 0:16:53]} 28. Bd2 {[%clk 0:28:00]} Nc5
{[%clk 0:13:34]} 29. Rb1 {[%clk 0:27:53]} Ra2 {[%clk 0:13:52]} 30. Nf2
{[%clk 0:19:39]} a5 {[%clk 0:12:49]} 31. Nd3 {[%clk 0:19:34]} Nfd7
{[%clk 0:11:40]} 32. Nc1 {[%clk 0:19:15]} Ra3 {[%clk 0:11:11]} 33. Kd1
{[%clk 0:19:20]} b5 {[%clk 0:10:13]} 34. axb5 {[%clk 0:17:18]} Kd8
{[%clk 0:09:15]} 35. Kc2 {[%clk 0:16:42]} a4 {[%clk 0:09:17]} 36. Kb2
{[%clk 0:15:12]} Rxb3+ {[%clk 0:09:37]} 37. Nxb3 {[%clk 0:15:32]} axb3
{[%clk 0:10:04]} 38. Be3 {[%clk 0:14:10]} Kc7 {[%clk 0:10:25]} 39. Rd1
{[%clk 0:13:56]} 1-0

[Event "festival54"]
[Site "?"]
[Date "2016.02.17"]
[Round "8.3"]
[White "Micottis, Dorian"]
[Black "Pucher, Sebastien"]
[Result "1/2-1/2"]
[LiveChessVersion "1.4.7"]
[BlackElo "2297"]
[WhiteElo "2331"]

1. e4 {[%clk 1:30:58]} Nf6 {[%clk 1:30:18]} 2. e5 {[%clk 1:31:02]} Nd5
{[%clk 1:30:42]} 3. d4 {[%clk 1:31:28]} d6 {[%clk 1:31:00]} 4. c4
{[%clk 1:31:53]} Nb6 {[%clk 1:31:25]} 5. exd6 {[%clk 1:32:00]} exd6
{[%clk 1:31:21]} 6. Nc3 {[%clk 1:31:14]} Be7 {[%clk 1:31:16]} 7. h3
{[%clk 1:30:42]} O-O {[%clk 1:30:58]} 8. Nf3 {[%clk 1:31:07]} Bf6
{[%clk 1:27:57]} 9. Be2 {[%clk 1:30:55]} Be6 {[%clk 1:27:53]} 10. b3
{[%clk 1:19:11]} d5 {[%clk 1:25:41]} 11. c5 {[%clk 1:08:11]} N6d7
{[%clk 1:24:34]} 12. Bb2 {[%clk 1:07:56]} Nc6 {[%clk 1:19:49]} 13. O-O
{[%clk 1:06:20]} Re8 {[%clk 1:19:46]} 14. a3 {[%clk 1:02:33]} Nf8
{[%clk 1:18:30]} 15. b4 {[%clk 0:59:06]} Ng6 {[%clk 1:16:44]} 16. Qd2
{[%clk 0:54:40]} Qd7 {[%clk 1:12:05]} 17. Kh2 {[%clk 0:37:55]} a6
{[%clk 0:43:55]} 18. Rfe1 {[%clk 0:30:58]} Bf5 {[%clk 0:37:29]} 19. Bd3
{[%clk 0:30:18]} h6 {[%clk 0:29:26]} 20. Bxf5 {[%clk 0:26:06]} Qxf5
{[%clk 0:29:40]} 21. Ne2 {[%clk 0:25:48]} Bg5 {[%clk 0:22:21]} 22. Nxg5
{[%clk 0:23:10]} hxg5 {[%clk 0:21:59]} 23. Ng3 {[%clk 0:22:07]} Qf4
{[%clk 0:21:34]} 24. Qxf4 {[%clk 0:19:16]} Nxf4 {[%clk 0:21:21]} 25. Bc3
{[%clk 0:18:38]} Nd3 {[%clk 0:18:03]} 26. Rxe8+ {[%clk 0:17:23]} Rxe8
{[%clk 0:18:27]} 27. Kg1 {[%clk 0:17:39]} g6 {[%clk 0:16:36]} 28. Kf1
{[%clk 0:15:53]} f6 {[%clk 0:11:15]} 29. Ne2 {[%clk 0:15:02]} Nf4
{[%clk 0:09:47]} 30. Nxf4 {[%clk 0:13:28]} gxf4 {[%clk 0:09:57]} 31. Re1
{[%clk 0:13:51]} Rxe1+ {[%clk 0:07:12]} 32. Kxe1 {[%clk 0:14:16]} Kf7
{[%clk 0:06:14]} 33. g3 {[%clk 0:13:32]} fxg3 {[%clk 0:05:52]} 34. fxg3
{[%clk 0:13:58]} g5 {[%clk 0:03:40]} 35. Ke2 {[%clk 0:13:03]} Kg6
{[%clk 0:03:05]} 36. Kf3 {[%clk 0:12:39]} Nd8 {[%clk 0:02:46]} 37. Be1
{[%clk 0:12:19]} Ne6 {[%clk 0:02:49]} 38. Bc3 {[%clk 0:11:37]} f5
{[%clk 0:02:33]} 39. Bb2 {[%clk 0:10:19]} Ng7 {[%clk 0:02:30]} 40. Bc1
{[%clk 0:09:45]} Nh5 {[%clk 0:02:25]} 41. a4 {[%clk 0:08:29]} b5 {[%clk 0:00:33]}
42. cxb6 {[%clk 0:04:22]} cxb6 {[%clk 0:01:02]} 43. Bd2 {[%clk 0:04:27]} b5
{[%clk 0:01:11]} 44. axb5 {[%clk 0:04:53]} axb5 {[%clk 0:01:39]} 45. Be1
{[%clk 0:04:27]} Nf6 {[%clk 0:01:14]} 46. g4 {[%clk 0:03:48]} Ne4
{[%clk 0:01:16]} 47. h4 {[%clk 0:03:44]} fxg4+ {[%clk 0:00:59]} 48. Kxg4
{[%clk 0:04:07]} Nf6+ {[%clk 0:01:17]} 49. Kf3 {[%clk 0:04:17]} Kf5
{[%clk 0:01:11]} 50. hxg5 {[%clk 0:03:57]} Kxg5 {[%clk 0:01:38]} 51. Bg3
{[%clk 0:04:04]} Ne4 {[%clk 0:01:22]} 52. Bc7 {[%clk 0:03:52]} Kf5
{[%clk 0:01:14]} 53. Ke3 {[%clk 0:03:53]} Kg4 {[%clk 0:01:33]} 54. Bb8
{[%clk 0:04:03]} Ng3 {[%clk 0:01:22]} 55. Be5 {[%clk 0:03:46]} Nf5+
{[%clk 0:01:30]} 56. Ke2 {[%clk 0:04:05]} Ne7 {[%clk 0:00:38]} 57. Ke3
{[%clk 0:04:08]} Nc8 {[%clk 0:00:33]} 58. Bc7 {[%clk 0:04:20]} Na7
{[%clk 0:00:38]} 59. Be5 {[%clk 0:04:35]} Nc6 {[%clk 0:00:40]} 60. Bd6
{[%clk 0:05:02]} Nd8 {[%clk 0:01:03]} 61. Be5 {[%clk 0:04:39]} Ne6
{[%clk 0:00:41]} 62. Bd6 {[%clk 0:04:27]} Kh3 {[%clk 0:00:41]} 63. Be5
{[%clk 0:04:02]} Kg4 {[%clk 0:00:32]} 64. Bd6 {[%clk 0:04:22]} Ng5
{[%clk 0:00:35]} 65. Bc7 {[%clk 0:04:16]} Ne4 {[%clk 0:00:57]} 66. Be5
{[%clk 0:04:17]} Nc3 {[%clk 0:01:13]} 67. Bc7 {[%clk 0:04:02]} Nd1+
{[%clk 0:01:06]} 68. Kd2 {[%clk 0:03:49]} Nb2 {[%clk 0:01:15]} 69. Ke3
{[%clk 0:03:57]} Nc4+ {[%clk 0:01:35]} 70. Ke2 {[%clk 0:04:09]} Na3
{[%clk 0:00:59]} 71. Bd6 {[%clk 0:04:10]} Nc2 {[%clk 0:00:44]} 72. Kd3
{[%clk 0:04:06]} Ne1+ {[%clk 0:00:49]} 73. Ke2 {[%clk 0:03:48]} Nc2
{[%clk 0:00:57]} 74. Kd3 {[%clk 0:04:04]} Ne1+ {[%clk 0:01:22]} 75. Ke2
{[%clk 0:04:31]} 1/2-1/2

[Event "festival54"]
[Site "?"]
[Date "2016.02.17"]
[Round "8.4"]
[White "Le Corre, Benjamin"]
[Black "Mager, Denis"]
[Result "1-0"]
[LiveChessVersion "1.4.7"]
[BlackElo "2239"]
[WhiteElo "2303"]

1. e4 {[%clk 1:27:15]} c5 {[%clk 1:30:55]} 2. b3 {[%clk 1:27:41]} Nc6
{[%clk 1:29:59]} 3. Bb2 {[%clk 1:28:03]} e5 {[%clk 1:28:13]} 4. Bc4
{[%clk 1:28:08]} Nf6 {[%clk 1:25:14]} 5. d3 {[%clk 1:25:37]} d6 {[%clk 1:17:29]}
6. Nc3 {[%clk 1:23:07]} g6 {[%clk 1:16:12]} 7. Nge2 {[%clk 1:23:27]} Bg7
{[%clk 1:14:31]} 8. O-O {[%clk 1:23:47]} O-O {[%clk 1:13:35]} 9. Nd5
{[%clk 1:22:09]} Nxd5 {[%clk 1:06:05]} 10. Bxd5 {[%clk 1:22:03]} Ne7
{[%clk 1:01:51]} 11. Bc4 {[%clk 1:20:33]} Be6 {[%clk 0:51:51]} 12. f4
{[%clk 1:15:50]} Qd7 {[%clk 0:50:34]} 13. Qd2 {[%clk 1:09:22]} b5
{[%clk 0:41:08]} 14. Bxe6 {[%clk 1:06:19]} fxe6 15. b4 {[%clk 1:01:23]} Nc6
{[%clk 0:37:56]} 16. bxc5 {[%clk 0:50:46]} dxc5 {[%clk 0:37:32]} 17. Rab1
{[%clk 0:51:02]} Nd4 {[%clk 0:34:52]} 18. Bxd4 {[%clk 0:46:37]} cxd4
{[%clk 0:34:00]} 19. fxe5 {[%clk 0:46:11]} Bxe5 {[%clk 0:33:38]} 20. g3
{[%clk 0:46:19]} Bg7 {[%clk 0:32:11]} 21. Qb4 {[%clk 0:42:23]} Rxf1+
{[%clk 0:29:12]} 22. Rxf1 {[%clk 0:42:41]} a5 {[%clk 0:28:23]} 23. Qb3
{[%clk 0:40:49]} a4 {[%clk 0:26:11]} 24. Qb2 {[%clk 0:41:09]} Rc8
{[%clk 0:25:01]} 25. Nf4 {[%clk 0:41:08]} Rc5 {[%clk 0:23:56]} 26. Rf2
{[%clk 0:40:45]} Qc6 {[%clk 0:22:54]} 27. Qb4 {[%clk 0:40:03]} Rxc2
{[%clk 0:12:12]} 28. Rxc2 {[%clk 0:39:49]} Qxc2 {[%clk 0:12:35]} 29. Qxb5
{[%clk 0:40:08]} Qc1+ {[%clk 0:12:20]} 30. Kg2 {[%clk 0:38:58]} Qc2+
{[%clk 0:12:42]} 31. Kh3 {[%clk 0:34:13]} Qc8 {[%clk 0:10:08]} 32. g4
{[%clk 0:34:37]} Qf8 {[%clk 0:02:16]} 33. Kg3 {[%clk 0:33:10]} e5
{[%clk 0:02:10]} 34. Qd5+ {[%clk 0:25:21]} Kh8 {[%clk 0:02:06]} 35. Ne6
{[%clk 0:25:35]} Qg8 {[%clk 0:02:22]} 36. Qd7 {[%clk 0:18:24]} h6
{[%clk 0:01:33]} 37. h4 {[%clk 0:18:46]} Kh7 {[%clk 0:01:16]} 38. Qe7
{[%clk 0:19:06]} Kh8 {[%clk 0:01:18]} 39. Kf2 {[%clk 0:19:25]} h5
{[%clk 0:00:45]} 40. g5 {[%clk 0:19:31]} Kh7 {[%clk 0:00:43]} 41. Ke2
{[%clk 0:19:54]} Kh8 {[%clk 0:01:00]} 42. Kd1 {[%clk 0:20:15]} a3
{[%clk 0:00:59]} 43. Qxg7+ {[%clk 0:19:38]} 1-0